LEADER 01076nam a2200217 4500 001 000000346840 003 CaOOAMICUS 005 20210629152707.0 008 210629s1901 it 000 u ita r 040 $aSeMil$bita 100 1 $aBischoffshausen, Sigmund.$0(OLS)http://semarc/name/114211 245 13$aIl fatto Tacoli-Ledochowski :$bpubblicazione del comitato di Azione Cattolica /$cBarone dott. Sigismondo di Rischoshausen Neuenrode ; traduzione libera dal tedesco del conte Ponziano Tarabini. 264 1$aCarpi :$bTipografia S. Giuseppe,$c1901. 300 $a32 p. ;$c24 cm 650 4$aDuello.$0(OLS)http://semarc/subject/17085 700 1 $aTarabini, Ponziano,$etraduttore.$0(OLS)http://semarc/name/114212 850 $aSeMil 852 $aSeMil$W1$xVenegono$y1$m5A VI 3/8$j227258$B237916$CSeMilBibl$Z2$F237916 $81 996 $6245$aIl fatto Tacoli-Ledochowski :$bpubblicazione del comitato di Azione Cattolica$9(OLS)http://semarc/title/436062 996 $6264$aCarpi :$bTipografia S. Giuseppe$9(OLS)http://semarc/publisher/59968 LEADER 00711nab a2200145 i 4500 001 000000315357 003 CaOOAMICUS 005 20180831173149.0 008 180831n xx uu u0 0und r 013 $a24444 040 $aSeMil$bita 100 1 $aCoccopalmerio, Francesco,$c.$0(OLS)http://semarc/name/16613 245 10$aComunione ecclesiale e Communicatio in sacris. Un commento alla Istruzione del Segretariato per l?Unione dei Cristiani in data 1 giugno 1972. 773 0 $t[Gennaio-Dicembre].$g458-471$w()274275 996 $6245$aComunione ecclesiale e Communicatio in sacris. Un commento alla Istruzione del Segretariato per l?Unione dei Cristiani in data 1 giugno 1972$9(OLS)http://semarc/title/389409